<?xml version="1.0" encoding="UTF-8"?>
<record
    xmlns:xsi="http://www.w3.org/2001/XMLSchema-instance"
    xsi:schemaLocation="http://www.loc.gov/MARC21/slim http://www.loc.gov/standards/marcxml/schema/MARC21slim.xsd"
    xmlns="http://www.loc.gov/MARC21/slim">

  <leader>00556nam a2200157Ii 4500</leader>
  <datafield tag="040" ind1=" " ind2=" ">
    <subfield code="c">AGL</subfield>
  </datafield>
  <datafield tag="082" ind1=" " ind2=" ">
    <subfield code="a">633 1977 IRR C142 Or.1</subfield>
  </datafield>
  <datafield tag="110" ind1="1" ind2=" ">
    <subfield code="a">International Rice Research Institute</subfield>
  </datafield>
  <datafield tag="245" ind1="1" ind2="0">
    <subfield code="a">Symposium on Cropping Systems Research and Development for the Asian Rice Farmer :</subfield>
    <subfield code="b">[proceedings]</subfield>
  </datafield>
  <datafield tag="260" ind1=" " ind2=" ">
    <subfield code="a">Los Ba&#xA9;&#x142;os, Philippines :</subfield>
    <subfield code="b">International Rice Research Institute,</subfield>
    <subfield code="c">1977</subfield>
  </datafield>
  <datafield tag="300" ind1=" " ind2=" ">
    <subfield code="a">454 p. :</subfield>
    <subfield code="b">ill., graphs ;</subfield>
    <subfield code="c">23 cm</subfield>
  </datafield>
  <datafield tag="500" ind1=" " ind2=" ">
    <subfield code="a">Running title: 1976 Cropping Systems Symposium</subfield>
  </datafield>
  <datafield tag="650" ind1=" " ind2="0">
    <subfield code="a">Rice</subfield>
  </datafield>
  <datafield tag="650" ind1=" " ind2="0">
    <subfield code="a">Cropping systems</subfield>
  </datafield>
  <datafield tag="942" ind1=" " ind2=" ">
    <subfield code="c">EK</subfield>
  </datafield>
  <datafield tag="999" ind1=" " ind2=" ">
    <subfield code="c">18311</subfield>
    <subfield code="d">18311</subfield>
  </datafield>
  <datafield tag="952" ind1=" " ind2=" ">
    <subfield code="0">0</subfield>
    <subfield code="1">0</subfield>
    <subfield code="4">0</subfield>
    <subfield code="6">633_197700000000000_IRR_C142_OR_1</subfield>
    <subfield code="7">0</subfield>
    <subfield code="9">82013</subfield>
    <subfield code="a">LBA</subfield>
    <subfield code="b">LBA</subfield>
    <subfield code="c">A142</subfield>
    <subfield code="d">2019-10-22</subfield>
    <subfield code="e">A37824</subfield>
    <subfield code="o">633 1977 IRR C142 Or.1</subfield>
    <subfield code="r">2019-10-22</subfield>
    <subfield code="y">EK</subfield>
  </datafield>
</record>
